| 000 | 00430nam a2200157 a 4500 | ||
|---|---|---|---|
| 005 | 20140412111330.0 | ||
| 008 | 030116s19uu xx 00 eng d | ||
| 050 |
_aER _bCo83 |
||
| 245 |
_aColors I like. / _cillustrated by Okataro Seno. |
||
| 260 |
_aTokyo : _bFroebel-kan co., Ltd, _c[n.d.] |
||
| 300 | _a1 v. (unp.) ; ill. | ||
| 440 | _aAnimal shape books | ||
| 650 | _aColors | ||
| 650 | _aChildren stories | ||
| 999 |
_c104884 _d104884 |
||